Zvládanie zrakového postihnutia sociálnym porovnávaním - volanie na linku dôvery

Bibliographic Details
Main Author: Cagáň, Roland (Author)
Format: Article
Language:Slovak
PhysicalDescription:Fotogr.
ISSN:1335-1397
Subjects:

MARC

LEADER 00000nab a2200000 a 4500
001 vtls000810737
003 SK-MaSNL
005 20260305030325.0
008 250429c2002 xo 0 slo
015 |a SNBRB2002/10-33006 
035 |a CLN000162392 
035 |a (urnnbn)urn:nbn:sk:snk:ar-a07mlv 
035 |a (uuid)6052ba7b-ed84-48d8-b7b0-766ffe6a6c1b 
035 |a urn:nbn:sk:snk-ab8a8m 
040 |a SNKBUCL  |b slo  |c SNKBUCL  |e AACR2 
041 0 |a slo 
044 |a xo  |c SK 
080 |a 612.84-056.262  |2 1997 
080 |a 159.91  |2 1997 
100 1 |a Cagáň, Roland  |4 aut  |9 718170 
245 1 0 |a Zvládanie zrakového postihnutia sociálnym porovnávaním - volanie na linku dôvery  |c Roland Cagáň 
300 |b Fotogr. 
504 |a Res. angl., nem. 
504 |a Bibliogr. odkazy 
650 0 7 |a ľudia postihnutí zrakovo  |x postoje spoločnosti  |x linky dôvery  |2 snkbucl  |9 1607176 
650 0 7 |a poruchy zraku u detí  |2 snkbucl  |9 1085 
655 7 |a články z novín a časopisov  |2 snkbucl  |9 267496 
773 0 |t Efeta - otvor sa  |g Roč. 12, č. 2 (2002), s. 4-7  |x 1335-1397 
850 |a Slovenská národná knižnica 
852 |a Slovenská národná knižnica 
954 |a odborná, vedecká literatúra pôvodná (slovenská)  |2 lita 
958 |a article9 
958 |a MI 
958 |a NB 
958 |a OND 
958 |a EUIPO 
992 |a RBX 
999 |c 3310849  |d 3312779